Practical voice training, (Record no. 549298)

000 -LEADER
fixed length control field 00441cam a22001451 4500
082 ## - DEWEY DECIMAL CLASSIFICATION NUMBER
Classification number 808.5
Author Mark GRI
100 1# - MAIN ENTRY--PERSONAL NAME
Personal name Grim, Harriett Elizabeth,
9 (RLIN) 45881
245 10 - TITLE STATEMENT
Title Practical voice training,
Remainder of title a manual for developing the voice.
260 ## - PUBLICATION, DISTRIBUTION, ETC.
Place of publication, distribution, etc. New York,
Name of publisher, distributor, etc. Appleton-Century-Crofts
Date of publication, distribution, etc. [1948]
300 ## - PHYSICAL DESCRIPTION
Extent xi, 197 p.
Dimensions 23 cm.
526 ## - STUDY PROGRAM INFORMATION NOTE
Program name 0
Interest level 0
Reading level 0
Title point value 808_500000000000000_GRI
650 #0 - SUBJECT ADDED ENTRY--TOPICAL TERM
Topical term or geographic name entry element MCE
9 (RLIN) 379
650 #0 - SUBJECT ADDED ENTRY--TOPICAL TERM
Topical term or geographic name entry element Voice culture.
9 (RLIN) 45882
942 ## - ADDED ENTRY ELEMENTS (KOHA)
Source of classification or shelving scheme
Koha item type Book
Holdings
Withdrawn status Lost status Source of classification or shelving scheme Damaged status Not for loan Permanent Location Current Location Date acquired Total Checkouts Full call number Barcode Date last seen Price effective from Koha item type
          Military College of Engineering (MCE) Military College of Engineering (MCE) 09/23/2014   808.5 GRI MCE-30812 09/23/2014 09/23/2014 Book
© 2023 Central Library, National University of Sciences and Technology. All Rights Reserved.